Perfiles jurídicos de los transplantes en seres vivos

Guardat en:
Dades bibliogràfiques
Autor principal: Kummerow, Gert (Autor)
Format: Llibre
Idioma:espanyol
Publicat: Mérida Talleres Gráficos 1969
Col·lecció:Justitia et Jus. Sección Investigaciones, 4
Matèries:
Etiquetes: Afegir etiqueta
Sense etiquetes, Sigues el primer a etiquetar aquest registre!

MARC

LEADER 00000nam a2200000 a 4500
001 UCY7396
003 CL-VaPUC
008 950614e19690000VE |||||||||||||||||spa|d
082 0 4 |a 344.041  |b KUM  |2 21 
100 0 |a Kummerow, Gert  |e author  |9 337914 
245 1 0 |a Perfiles jurídicos de los transplantes en seres vivos 
300 |a 71 p 
942 |c BK 
945 |d 19950614 00:00:00  |a aalvarez 
260 |a Mérida  |b Talleres Gráficos  |c 1969 
650 7 |a TRANSPLANTE DE ORGANOS  |2 CL-VaPUC  |9 337915 
651 0 |a Venezuela  |9 254993 
583 |a last modification  |c 19950614 00:00:00  |k Rodrigo Vera 
490 0 |a Justitia et Jus. Sección Investigaciones, 4 
999 |c 234797  |d 234795 
952 |0 0  |1 0  |2 ddc  |4 0  |6 344_041000000000000_KUM_1969  |7 0  |8 A  |9 241506  |a BIBDER  |b BIBDER  |d 2019-11-18  |i 2007622  |o 344.041 KUM 1969  |p 2007622  |r 2023-01-25  |w 2019-11-18  |y MX  |k DER